01524nam a2200373 i 4500001000700000003000700007005001700014007000300031008004100034017005000075020001800125035001300143040003900156080004600195080001000241245034200251264003300593264001100626300002700637336002200664337003000686338002400716490001100740500006500751504004100816600006000857630001100917655002200928700002600950700003600976700004201012830002301054852007301077195654SpMaBN20250818235746.0ta240701s2022 sp | |||| 010 0 spa  aM 24181-2022bOficina Depósito Legal Madrid a9788428565493 aa7227610 aSpMaBNbspacSpMaBNerdadES-MaACL a929 Fernández Vallina, Francisco Javier a27-2300aMiradas contemporáneas a la Biblia :bmemoria, cultura, sociedad y nuevas perspectivas sobre el texto sagrado : libro homenaje al profesor Francisco Javier Fernández Vallina /cRafael Ruiz Andrés (coord. y ed.) ; Cristina Expósito de Vicente, E. Macarena García García, Elios Mendieta Rodríguez y David Villar Vegas (eds.). 1aMadrid :bSan Pablo,c[2022] 4c©2022 a286 páginas ;c22 cm aTexto2rdacontent asin mediación2rdamedia avolumen2rdacarrier1 aFuente aCatalogación provisional. Signatura: N 8712. Depósito J. aIncluye referencias bibliográficas17aFernández Vallina, Francisco JaviervHomenajes2embne04aBiblia 7aHomenajes2tgfbne1 aRuiz Andrés, Rafael1 aExpósito de Vicente, Cristina aFernández Vallina, Francisco Javier aFuente (San Pablo) aES-MaACLcDEPOJjN-8712hDonación: EditorialbR.153571zEn proceso